| 000 | 00604nam a2200169Ia 4500 | ||
|---|---|---|---|
| 003 | GCL | ||
| 008 | 140319s9999 xx 000 0 ara d | ||
| 040 |
_aGCL / _cGCL |
||
| 082 | 0 | 4 |
_a111.85 _bع ج |
| 100 | 1 | _aعبدالمجيد شكير | |
| 245 | 1 | 0 |
_aالجماليات : _bبحث فى المفهوم ، ومقاربة للتمظهرات والتصورات / _cعبدالمجيد شكير |
| 250 | _aالاولى | ||
| 260 |
_aسوريا : _bدار الطليعة الجديدة ، _c2004 |
||
| 300 |
_a76 ص ؛ _c20 سم |
||
| 650 | 0 | 4 | _aالجمال - علم - تاريخ ونقد |
| 942 |
_2ddc _cBK |
||
| 999 |
_c7388 _d7388 |
||